MARC

LEADER 00000nam0a2200000 4500
001 375289
005 20231101051521.0
035 |a (RuTPU)RU\TPU\retro\32728 
035 |a RU\TPU\book\207292 
090 |a 375289 
100 |a 20221220d1931 km y0rusy50 ca 
101 1 |a rus  |c ger 
102 |a UA 
105 |a a z 001zy 
200 1 |a Металлургические и металлографические основы чугуна  |e пер. с нем.  |f К. Керпели 
210 |a Харьков  |c Украинский работник  |d 1931 
215 |a 175 с.  |c ил. 
320 |a Библиогр.: с. 171-174. 
610 1 |a металлургия 
610 1 |a чугун 
610 1 |a металлургические основы 
610 1 |a металлографические методы 
610 1 |a строение 
610 1 |a структура 
610 1 |a механические основы 
610 1 |a усадка 
610 1 |a рост 
675 |a 669.13  |v 3 
675 |a 669.16  |v 3 
700 1 |a Керпели  |b К. 
801 1 |a RU  |b 63413507  |c 20110120 
801 2 |a RU  |b 63413507  |c 20221220  |g RCR 
942 |c BK